000 00481nam a22001937a 4500
003 MPLRDC
005 20220104143404.0
008 210129b ||||| |||| 00| 0 eng d
020 _a7-5057-1502-X
082 _a848.2 LA-17 v.3
100 _a李敖
245 _a李敖大全集. 3
_c
250 _a一版一刷
260 _a中国
_b中国友谊出版公司
_c1999
300 _b456
490 _a李敖大全集;3
650 _a现代别集
942 _cBK
_o848.2 LA-17 v.3
999 _c39408
_d39398